Quizzes
Events
Quiz Creation
Community
Videos
Private Events
Remove Ads
Sign In
Join for FREE
Feedback
Dark Mode
Quiz Categories
Sports
Geography
Music
Movies
Television
Just For Fun
Miscellaneous
History
Literature
Language
Science
Gaming
Entertainment
Religion
Holiday
For Kids
Quiz Lab
Recent
Popular Today
Quiz Kudos Today
Editor Picks
Curator Picks
Quizzes by...
Day
Popularity
Type
Ratings
Length
Year
Community
Subscriptions
Recent Discussions
Orange Saloon
Badges
Playlists
Quests
Create
Leaderboards
Showdown
Live 5
Trivia Bingo
Activity
Puzzle Library
Sporcle Events
Private Events
Virtual Trivia
Globe League
Become a Host
Pub Owners
SporcleCon
Opinionation
Our Games
Videos
Blog
Mobile Apps
Partnerships
Remove Ads and Go Orange
Feedback
Sports
Athletes
MLB
NBA
NHL
NFL
Soccer
Sports Teams
WWE
NCAA
Football
Premier League
Basketball
Baseball
Hockey
Golf
Tennis
Cricket
Rugby
Auto Racing
Olympics
World Cup
Sports
Athletes
MLB
NBA
NHL
NFL
Soccer
Sports Teams
WWE
NCAA
Football
Premier League
Basketball
Baseball
Hockey
Golf
Tennis
Cricket
Rugby
Auto Racing
Olympics
World Cup
Random Quiz
Search Sporcle
×
Quiz Lab
Quiz Lab
Sports
Cricket
Type in answers that appear in a list
Type in answers that appear in a list
Classic
Best Score? Go Orange.
Test Cricket Centurions Stats
Can you name the Players with highest number ofTest Centuries?
By
dolby
5m
26 Questions
3,525 Plays
3,525 Plays
3,525 Plays
Comments
Comments
Give Quiz Kudos
Give Quiz Kudos
-
- Ratings
hide this ad
More Info
Replay
Link that replays current quiz
Next Quiz
Link to next quiz in quiz playlist
You Got
0%
They Got
Avg Score
72%
Avg Friend Score
Upgrade to see
Score Distribution
Jump to the score distribution portion of the page
Score
0/26
Timer
05:00
0
Plays Today
No. of Centuries
Player
% Correct
51*
Sachin Tendulkar
97.2%
39*
Ricky Ponting
96.1%
40*
Jacques Kallis
93.4%
34
Brian Lara
93.3%
34*
Rahul Dravid
92.4%
30
Matthew Hayden
87.2%
32
Steve Waugh
86.5%
28*
DPMD Jayawardene
84.6%
34
Sunil Gavaskar
82.6%
24
Viv Richards
81.6%
29
Donald Bradman
78.9%
27
Allan Border
76.1%
23
Justin Langer
75.8%
No. of Centuries
Player
% Correct
22*
Graeme Smith
74.7%
25*
Kumar Sangakkara
71.8%
25
Inzamam ul Haq
69.7%
23*
Shivanaraine Chanderpaul
68.6%
22*
Virender Sehwag
66.2%
26
Gary Sobers
65.5%
23
Javed Miandad
65.1%
24
Mohammad Yousuf
64.6%
22
Geofrrey Boycott
52.7%
24
Greg Chappell
47.7%
22
Wally Hammond
40.5%
22
Colin Cowdrey
35.4%
22
Mohd. Azharuddin
27.8%
Quiz Playlist
Details
Report
Send in Message
Add To Playlist
More Info:
As of 18-Aug-2011
Classic:
Type in answers that appear in a list
Quiz Source
Last Updated: May 31, 2018
Quiz Scoreboard
CHALLENGE
Sign Up to Join the Scoreboard
Show All
Scores
Hide
Comments
May contain spoilers
Recently Published
Billboard Blitz: Fleetwood Mac
by CooCooCachoo
Music
15s
Presidents Visiting Landmarks
by Hejman
History
7m
An Introduction to Baseball
by treessimontrees
Sports
5m
More to Explore
Quiz From the Vault
Featured Blog Post
Where Did the Easter Bunny Come From?
hide this ad
You Might Also Like...
Tags
Cricket Quiz
Numbers Quiz
centurion
highest
Player
Represented
test
Today's Top Quizzes in Sports
Browse Sports
hide this ad
Today's Top Quizzes in Cricket
Browse Cricket
Top Contributed Quizzes in Sports
1
Les meilleurs buteurs des matchs entre le PSG et l’OM
2
2022 World Cup Stars
3
FIFA Club World Cup Champions
4
Les entraîneurs de l'OM et du PSG au 21e siècle
5
Criteria MLB: Left Handed Sluggers
6
AFC Teams Reveal (Wrong Answers Minefield)
7
5-to-1: UK Sports Teams
8
Name the Premier League winners with different clubs
9
5-to-1: FBS Animal Nicknames
10
Players with Multiple 50 Home Run Seasons
Explore More
Trending Topics
Anime
Crossword
Harry Potter
NBA
Disney
Marvel
Kpop
Song
The Office
Pokémon
Puzzle
WWE
Soccer
Country
NFL
hide this ad
More By:
dolby
Quiz
Plays
Rating
Category
Featured
Created
US Open Runner-Up (Women)
19,967
4.58
Sports
Jan 29, 2010
Highest Test Wicket Takers
12,949
4.32
Sports
Sep 26, 2009
Countries With Biggest Railway Network
12,381
4.67
Geography
Sep 29, 2009
Highest ODI run scorers
4,017
3.83
Sports
Sep 26, 2009
ODI Cricket Centurions
3,949
3.89
Sports
Nov 20, 2009
Go to Creator's Profile
Score Distribution
Quiz Creator Spotlight
dolby
Follow
Send a Message
Quizzes Created
-
Created Quiz Play Count
-
More By This Creator
Popular Quizzes Today
1
Find the US States - No Outlines Minefield
2
Find the Countries of Europe - No Outlines Minefield
3
The Countries of the World
4
Find the US States
5
Risky Map Clicking: Biggest States A-Z
6
US States
7
Popular People in 1961
8
Movies - When Are They Set?
More Sports Quizzes
Riyad Mahrez's Hat-trick XI's
Quiz Lab
Trending Quizzes
Risky Map Clicking: Least Populous States A-Z
1-10 Letter G Words
1-10 Letter F Words
Risky Map Clicking: Next State Alphabetically
Risky Map Clicking: Biggest States A-Z
Recently Updated
Leaping Animals
pecheneg
Reality TV Shows (A-Z)
bhenderson79
Rickey Henderson's Hall of Fame Teammates
pecheneg
Champions League XIs: Arsenal
pecheneg
Quick Pick: Celebrities in WWE's Hall of Fame
aduchscher
A-Z Keypad Blitz II
pecheneg
Multiple Oscar Actors
pecheneg
Mystery Phrase Blitz: Oscar 'Best Actors'
pecheneg
F. Scott Fitzgerald Novels
LTH
Pick 3 Villains
ddd62291
Trending Topics
Crossword
Anime
Marvel
Disney
NBA
Kpop
Harry Potter
Soccer
Pokémon
Song
Country
WWE
Puzzle
NFL
The Office
Your Account Isn't Verified!
In order to create a playlist on Sporcle, you need to verify the email address you used during registration. Go to your
Sporcle Settings
to finish the process.
Report this User
Report this user for behavior that violates our
Community Guidelines
.
Details:
Send Report
Go to the Sporcle.com Mobile Site →
Comments